| 000 | 00612cam a2200229 a 4500 | ||
|---|---|---|---|
| 999 |
_c1020 _d1020 |
||
| 001 | 15373 | ||
| 003 | BD-DhUAP | ||
| 005 | 20200202093242.0 | ||
| 008 | 200202t20081962ii 000 0 eng | ||
| 020 | _c9788175342897 | ||
| 040 |
_aDLC _cDLC _dBD-DhUAP _beng |
||
| 043 | _aa-bg--- | ||
| 082 | 0 | 0 |
_a340.11 CAR _223 |
| 100 | _aCardozo, Benjamin N. | ||
| 245 | 0 | 0 |
_aThe growth of the law / _cBenjamin N. Cardozo. |
| 260 |
_aNew Dehi : _bUniversal, _cc1962 [Reprinted 2008]. |
||
| 300 |
_axvi, 154 pages ; _c23 cm. |
||
| 650 |
_aLaw _xPhilosophy. |
||
| 650 | _aJurisprudence. | ||
| 650 | _aLaw. | ||
| 942 |
_2ddc _cBK |
||